01589 a2200169 45000010006000000050017000060080041000230030015000640400040000790800038001192450046001572640051002033000019002545051096002731000025013697000025013944798320260407155746.0260407a1969 arg spa dAR-UNSa-BCEJYS aAR-UNSa-BCEJYSbspacAR-UNSa-BCEJYS a336.74xMoneda. Sistema monetario10aTeoría monetaria y política pública 1aMéxico :bFondo de Cultura Económicac1969 a339 p.c21 cm. a1. Introducción - Parte I: El dinero y los precios generales: 2. El valor interno del dinero -3. Creación y destrucción del dinero - 4. Teoría de la inflación - 5. Políticas anti-inflacionarias - Parte II: El interés, el ingreso y la ocupación: 6. Teoría de la preferencia por la la liquidez - 7. Política del interés y ocupación plena - 8. Teoría no-keynesianas del ahorro y la inversión - 9. Demanda total e ingreso nacional - 10. La función consumo - 11. Ahorro e inversión - 12. Teorías del multiplicador y de la aceleración - 13. Equilibrio de sub-ocupación secular - 14. Medidas para fomentar la inversión - 15. Medidas para elevar la función consumo - 16. Epílogo sobre la política de ocupación plena - Parte II: Equilibrio nacional vs. internacional: 17. Valor externo del dinero- El patrón oro - 18. Valor externo del dinero- El patrón papel-moneda - 19. El Fondo Monetario Internacional - El patrón mixto - 20. Soberanía monetaria y equilibrio internacional - 21. Inversión extranjera, el Banco Mundial y la ocupación - 1 aPimentel, Rubén C.1 aKurihara, Kenneth k.